000 00649nam a2200217Ii 4500
003 JO-AjNU
008 230606s9999||||xx |||||||||||||| ||und||
020 _a394-31807-2
040 _aJO-AjNU
_beng
_erda
_cJO-AjNU
041 _aeng
050 1 4 _aCB59.W38 1974
100 3 _aChambers, Mortimer واخرون ,
_eauthor
_95547
245 0 4 _athe Western Experience: the modern Era. Vol.3
250 _a1 ed
264 3 1 _aNew York :oxford University press , 1974
300 _aVol.3, 1133p
336 _atext
_btxt
_2rdacontent
337 _aunmediated
_bn
_2rdamedia
338 _avolume
_bnc
_2rdacarrier
650 4 _aCivilization-History
_95548
999 _aE2869
_c2867
_d2867